|
|
|
|
| LEADER |
00000naa a2200000uu 4500 |
| 001 |
vtls011047761 |
| 003 |
SK-MaSNL |
| 005 |
20260302143241.0 |
| 008 |
210904|2000 xo |||||||||||||||||slo| |
| 015 |
|
|
|a SNBRA
|
| 035 |
|
|
|a (urnnbn)urn:nbn:sk:snk:ar-0093r5
|
| 035 |
|
|
|a (uuid)a00ad615-054d-4015-a3c3-068f9e6655c1
|
| 035 |
|
|
|a urn:nbn:sk:snk-aauyyf
|
| 040 |
|
|
|a SNKBUCL
|b slo
|c SNKBUCL
|e AACR2
|
| 041 |
0 |
|
|a slo
|
| 044 |
|
|
|a xo
|c SK
|
| 100 |
1 |
|
|a Boďa, K.
|4 aut
|9 833083
|
| 245 |
1 |
0 |
|a ZHODNOCOVANIE VEDĽAJŠÍCH ORGANICKÝCH PRODUKTOV Z HYDINÁRSKEJ VÝROBY BIODEGRADÁCIOU
|c K. Bod'a, J. Kubinec
|
| 700 |
1 |
|
|a Kubinec, Jozef,
|d 1938-
|4 aut
|9 253771
|
| 773 |
0 |
|
|t Hlavné smery a priority pôdohospodárskej vedy a výskumu na Slovensku pri vstupe do 21. storočia
|d Nitra : Agentúra Slovenskej akadémie pôdohospodárskych vied, 2000
|g S. 69-73
|z 8096827464
|
| 958 |
|
|
|a OND
|
| 958 |
|
|
|a article12
|
| 958 |
|
|
|a chapter
|
| 999 |
|
|
|c 1343413
|d 1345343
|